| 000 | 01246cab a22002055a 4500 | ||
|---|---|---|---|
| 001 | L152141 | ||
| 008 | 110202e20110112xxk 000 0 eng d | ||
| 035 | _a(Sirsi) u152141 | ||
| 041 | 0 | _aeng | |
| 110 | 2 |
_aCabinet Office _91071 |
|
| 245 | 0 | 0 |
_aPublic Data Corporation to free up public data and drive innovation _h[electronic resource] |
| 260 | _c2011 | ||
| 490 |
_aCabinet Office News Release _v 12 January 2011 |
||
| 520 | _aPlans for new Public Data Corporation outlined by Minister for the Cabinet Office, Francis Maude and Business Minister Edward Davey. This will bring together government bodies and data into one organisation and provide a level of easily accessible public information. An interesting example of the way public sector information can be used is airTEXT which is an air quality information service which provides alerts for people who live or work in London and who suffer from asthma or other related conditions. | ||
| 590 | _aKA | ||
| 651 | 4 | _aUnited Kingdom | |
| 690 | _aMANAGEMENT-BUSINESS MANAGEMENT-INFORMATION MANAGEMENT | ||
| 856 | 4 | 0 |
_uhttps://www.cabinetoffice.gov.uk/news/public-data-corporation-free-public-data-and-drive-innovation _zView the item free of charge at www.cabinetoffice.gov.uk |
| 942 | _n0 | ||
| 999 |
_c82893 _d82893 |
||